000 00734nam a22001817a 4500
003 UA-OsUOA
001 14088
007 ta
008 20030721b un ||||| |||| 00| 0 ukr d
100 _aПрисяжнюк В.
942 _cSA
040 _aUA-OsUOA
_cUA-OsUOA
_dUA-OsUOA
245 _aІ відпочивали і вигравали
_b[Юні спортсмени Рівненщини взяли участь у фінал. змаганнях 10-ї Всеукр. спартакіади "Повір у себе" у Міжнар. дит. центрі "Артек"]
300 _aС.10
955 _a0
773 0 _w0
_tОго
_dРівне
_d2003
_g№109/26 черв./
650 7 _aКраєзнавча робота
_2UDC
999 _c300249
_d300249